Small business valuation book : (Record no. 3624)

MARC details
000 -LEADER
fixed length control field 00903nam a2200217 4500
020 ## - INTERNATIONAL STANDARD BOOK NUMBER
ISBN 9781580620055
022 ## - INTERNATIONAL STANDARD SERIAL NUMBER
ISSN 045079200050
050 ## - CALL NUMBER
Classification number HG4028
Item number .V3T82
100 ## - AUTHOR
Personal name Lawrence W Tuller
245 ## - TITLE
Title Small business valuation book :
Remainder of title easy-to-use techniques for determining fair price, resolving disputes, and minimizing taxes
Statement of responsibility, etc Lawrence W. Tuller.
260 ## - PUBLICATION INFORMATION
Place of publication Holbrook, Mass. :
Name of publisher Adams Media Corp.,
Year of publication [©1994]
300 ## - DESCRIPTION
Number of Pages 303 pages :
Other physical details illustrations, forms ;
Dimensions 23 cm.
440 ## - SERIES
SERIES Adams business advisor.
500 ## - NOTES
General note Includes index
505 ## - FORMATTED CONTENTS NOTE
Table of Content Part I. Business valuation principles <br/>Part II. Valuations for special situations <br/>Part III. Valuations for special types of companies
650 ## - SUBJECTS
Topical Term Small business --
General subdivision Valuation.
650 ## - SUBJECTS
Topical Term United States --
General subdivision Handbooks,
650 ## - SUBJECTS
Topical Term manuals, etc.
650 ## - SUBJECTS
Topical Term Small business --
General subdivision Valuation.
942 ## - ADDED ENTRY ELEMENTS (KOHA)
Koha item type Books
Holdings
Withdrawn status Lost status Collection code Home library Current library Shelving location Date acquired Full call number Accession Number Koha item type
    Reference Methodist University Library Main Methodist University Library Main General Stacks 21/11/2013 HG4028 .V3T82 38989 Books
Copyright © 2026  MUG Library